Представление документа в формате RUSMARC

ПолеНазваниеЗначение
  Тип записи a
  Библиографический уровень m
001 Контрольный номер RU/IS/BASE/466169648
005 Дата корректировки 20240819153605.5
010 Индекс ISBN __
d Цена 10 к.
9 Тираж экз.
100 Данные общей обработки __
a Данные общей обработки 20141009d2014 ||| 0rusy0189 ca
101 Язык документа 0_
a Язык текста rus
102 Страна публикации __
a Страна публикации RU
105 Кодированные данные (монография) __
a Кодированные данные (монография) y###||||000|y
200 Заглавие и сведения об ответственности 1_
a Заглавие Пушкин и Симбирский край
b Общее обозначение материала Текст
210 Выходные данные 1_
a Место издания Саратов
c Издательство Приволжское книжное издательство. Ульяновское отделение
d Дата издания 1987
215 Физическое описание __
a Объем 64 с.
d Формат см.
300 Общие примечания __
a Общие примечания Ограничения по возрасту - +
300 Общие примечания __
a Общие примечания Краеведческий фонд МБУК ЦБС
300 Общие примечания __
a Общие примечания Под инв. номером 23808: Ц-2,1-1,2-1,3-1,4-2,5н-1,7-1,8-3,9н-1,10-1,12-1,13-1,15-2, 17-2,18-1,19-1,28-3,29-1,34-1
686 Индексы других классификаций __
a Классификационный индекс 83.3(2Рос=Рус)1
2 Код системы ББК
700 Автор _0
a Фамилия Авдонин
b Имя (инициалы) А. М.
801 Источник записи _0
a Страна RU
b Организация МБУК ЦБС г. Ульяновска
c Дата составления 20141009
g Правила каталогизации RCR
801 Источник записи _1
a Страна RU
b Организация МБУК ЦБС г. Ульяновска
c Дата составления 20141009
g Правила каталогизации RCR
899 Данные о местонахождении __
i Авторский знак А 18
j Расстановочный фильтр 83.3(2Рос=Рус)1
901 Тип документа __
t Тип документа m
910 Корректоры записи __
a Корректор записи Егорова